[Event "Lucija Domen op 1st"]
[Site "Lucija"]
[Date "2006.05.08"]
[Round "6"]
[White "Sebenik, Matej"]
[Black "Orel, Oskar"]
[Result "1-0"]
[WhiteElo "2407"]
[BlackElo "2305"]
[PlyCount "61"]
[EventDate "2006.05.05"]
[EventType "swiss"]
[EventRounds "7"]
[EventCountry "SLO"]
[SourceTitle "EXT 2008"]
[Source "ChessBase"]
[SourceDate "2007.11.25"]
[SourceVersion "1"]
[SourceVersionDate "2007.11.25"]
[SourceQuality "1"]

1. Nf3 Nf6 2. d4 d5 3. c4 e6 4. g3 c6 5. Bg2 dxc4 6. 0-0 b5 7. a4 Bb7 8. Ne5 a6 9. Nc3 Nd5 10. Nxd5 cxd5 11. e4 Be7 12. exd5 exd5 13. b3 Nd7 14. axb5 axb5 15. Rxa8 Bxa8 16. bxc4 Nxe5 17. dxe5 bxc4 18. Qa4+ Kf8 19. Rd1 g5 20. Bb2 Kg7 21. Qa7 Re8 22. e6+ f6 23. Qe3 Kg8 24. h4 Qb8 25. Bd4 Qb3 26. Qe2 c3 27. hxg5 c2 28. Rf1 Qc4 29. Qh5 Rf8 30. gxf6 Rxf6 31. Bxf6 1-0

[Event "Lucija Domen op 1st"]
[Site "Lucija"]
[Date "2006.05.06"]
[Round "4"]
[White "Orel, Oskar"]
[Black "Saradjen, Janko"]
[Result "1-0"]
[WhiteElo "2305"]
[BlackElo "2155"]
[PlyCount "77"]
[EventDate "2006.05.05"]
[EventType "swiss"]
[EventRounds "7"]
[EventCountry "SLO"]
[SourceTitle "EXT 2008"]
[Source "ChessBase"]
[SourceDate "2007.11.25"]
[SourceVersion "1"]
[SourceVersionDate "2007.11.25"]
[SourceQuality "1"]

1. Nf3 Nf6 2. g3 g6 3. Bg2 Bg7 4. d3 0-0 5. 0-0 d6 6. e4 c5 7. Nbd2 Qc7 8. Re1 Bg4 9. h3 Bxf3 10. Nxf3 Nc6 11. a4 Rab8 12. c3 b5 13. axb5 Rxb5 14. Qc2 Qb8 15. Bf1 Rb6 16. Nd2 d5 17. exd5 Nxd5 18. Nc4 Ne5 19. Bg2 Nxc4 20. dxc4 Nf6 21. Rxe7 a6 22. Re2 Re8 23. Rxe8+ Nxe8 24. Ra5 Bf8 25. Bd5 Ng7 26. Qe2 Qc8 27. Kg2 Ne6 28. Be3 Qb8 29. b4 Qe5 30. Qf3 Qxc3 31. Bxc5 Qxf3+ 32. Kxf3 Nxc5 33. bxc5 Rb2 34. c6 Bd6 35. Rxa6 Bb8 36. c5 Kg7 37. Rb6 Rd2 38. Rxb8 Rxd5 39. c7 1-0

[Event "Lucija Domen op 1st"]
[Site "Lucija"]
[Date "2006.05.06"]
[Round "3"]
[White "Tratar, Marko"]
[Black "Orel, Oskar"]
[Result "1-0"]
[WhiteElo "2499"]
[BlackElo "2305"]
[PlyCount "87"]
[EventDate "2006.05.05"]
[EventType "swiss"]
[EventRounds "7"]
[EventCountry "SLO"]
[SourceTitle "EXT 2008"]
[Source "ChessBase"]
[SourceDate "2007.11.25"]
[SourceVersion "1"]
[SourceVersionDate "2007.11.25"]
[SourceQuality "1"]

1. Nf3 d5 2. g3 c6 3. Bg2 Nf6 4. 0-0 g6 5. b3 Bg7 6. Bb2 0-0 7. c4 Bf5 8. d3 Qc8 9. Nbd2 Bh3 10. Rc1 Na6 11. Bxf6 Bxf6 12. cxd5 Bxg2 13. Kxg2 Nb4 14. dxc6 Nxa2 15. cxb7 Qxb7 16. Rc4 Rfc8 17. Ne4 Bg7 18. Nc5 Qb5 19. d4 a5 20. Qb1 Nb4 21. Rfc1 Rd8 22. Qe4 Nd5 23. e3 Qb8 24. Ne6 Nf6 25. Qxa8 Qxa8 26. Nxd8 Bf8 27. Nc6 Kg7 28. Ra1 Qb7 29. Nd2 e5 30. dxe5 Ng4 31. Rxa5 Bb4 32. Ra7 Qb6 33. Rxg4 Bxd2 34. Rc4 Qxb3 35. Raa4 Qd3 36. Rd4 Qb5 37. Rac4 Be1 38. Rc2 Qb3 39. Rdc4 Qd3 40. Nd4 Ba5 41. Nf3 h6 42. h4 Qd5 43. Rc5 Qd3 44. Rb2 1-0

[Event "Donau op 14th"]
[Site "Aschach"]
[Date "2005.12.30"]
[Round "6"]
[White "Orel, Oskar"]
[Black "Ertl, Paul"]
[Result "1-0"]
[WhiteElo "2315"]
[BlackElo "2023"]
[PlyCount "57"]
[EventDate "2005.12.26"]
[EventType "swiss"]
[EventRounds "7"]
[EventCountry "AUT"]
[SourceTitle "CBM 110 Extra"]
[Source "ChessBase"]
[SourceDate "2006.03.10"]
[SourceVersion "2"]
[SourceVersionDate "2006.03.10"]
[SourceQuality "1"]

1. Nf3 d5 2. g3 Nf6 3. Bg2 c6 4. d3 Bf5 5. Nbd2 Nbd7 6. 0-0 e5 7. c4 Be7 8. cxd5 cxd5 9. b3 0-0 10. Bb2 Bd6 11. e4 Bg6 12. exd5 Bxd3 13. Re1 Rc8 14. Nxe5 Bc2 15. Qf3 Bb4 16. Re2 Nc5 17. Ng4 Ne8 18. Nh6+ gxh6 19. Qg4+ Qg5 20. Qxb4 Nd3 21. Qd4 Nxb2 22. Qxb2 Bd3 23. Re5 Qg7 24. Qd4 Nd6 25. Rae1 Ba6 26. Nf3 Rc2 27. a4 Rfc8 28. Qf4 Bd3 29. R5e3 1-0

[Event "Donau op 14th"]
[Site "Aschach"]
[Date "2005.12.29"]
[Round "5"]
[White "Pirker, Georg"]
[Black "Orel, Oskar"]
[Result "1/2-1/2"]
[WhiteElo "2097"]
[BlackElo "2315"]
[PlyCount "94"]
[EventDate "2005.12.26"]
[EventType "swiss"]
[EventRounds "7"]
[EventCountry "AUT"]
[SourceTitle "CBM 110 Extra"]
[Source "ChessBase"]
[SourceDate "2006.03.10"]
[SourceVersion "2"]
[SourceVersionDate "2006.03.10"]
[SourceQuality "1"]

1. e4 c5 2. Nf3 e6 3. Nc3 a6 4. d4 cxd4 5. Nxd4 d6 6. Be2 Nf6 7. 0-0 Be7 8. a4 b6 9. f4 Bb7 10. Bf3 e5 11. Nf5 0-0 12. Be3 Nc6 13. Nxe7+ Qxe7 14. f5 Qc7 15. g4 Nd4 16. Bxd4 exd4 17. Qxd4 h6 18. Rad1 Rad8 19. Rd2 Rfe8 20. h4 d5 21. Nxd5 Bxd5 22. exd5 Qg3+ 23. Rg2 Qxh4 24. Qxb6 Nxd5 25. Bxd5 Rxd5 26. Qxa6 Rd4 27. Qc6 Ree4 28. g5 hxg5 29. Qa8+ Kh7 30. Rh2 Rg4+ 31. Kh1 Rd2 32. Qb8 Rxc2 33. Ra1 Rxh2+ 34. Qxh2 Rb4 35. Ra2 Kg8 36. Qxh4 Rxh4+ 37. Kg2 Kf8 38. a5 Ke7 39. a6 Rh8 40. Kf3 Kd6 41. a7 Ra8 42. Kg4 Kc6 43. Kxg5 Kb6 44. Ra1 Rxa7 45. Rh1 Ra5 46. Rh7 g6 47. Rxf7 Rxf5+ 1/2-1/2

[Event "SLO-chT 15th"]
[Site "Bled"]
[Date "2005.11.30"]
[Round "6"]
[White "Orel, Oskar"]
[Black "Stevic, Hrvoje"]
[Result "0-1"]
[WhiteElo "2315"]
[BlackElo "2514"]
[PlyCount "112"]
[EventDate "2005.11.26"]
[EventType "team-tourn"]
[EventRounds "9"]
[EventCountry "SLO"]
[SourceTitle "CBM 109 Extra"]
[Source "ChessBase"]
[SourceDate "2006.01.03"]
[SourceVersion "2"]
[SourceVersionDate "2006.01.03"]
[SourceQuality "1"]
[WhiteTeam "Kranj Tomo Zupan"]
[BlackTeam "Vrhnika Sinfonika"]
[WhiteTeamCountry "SLO"]
[BlackTeamCountry "SVK"]

1. d4 d5 2. Nf3 Nf6 3. g3 c6 4. Bg2 Bf5 5. 0-0 e6 6. c3 Bd6 7. Nbd2 h6 8. Re1 Nbd7 9. Nh4 Bh7 10. Qb3 Qc7 11. e4 dxe4 12. Nxe4 Bxe4 13. Bxe4 Nxe4 14. Rxe4 0-0 15. Bd2 Nf6 16. Ree1 c5 17. dxc5 Bxc5 18. Be3 Bxe3 19. Rxe3 Rad8 20. Rd1 Ng4 21. Ree1 Ne5 22. Qb5 a6 23. Qe2 Rxd1 24. Rxd1 b5 25. Nf3 Nc4 26. Rd3 Rc8 27. b3 Nb6 28. Qe5 Nd5 29. a4 bxa4 30. c4 axb3 31. Rxb3 Qxc4 32. Rb2 Qd3 33. Rb8 Rxb8 34. Qxb8+ Kh7 35. Ne5 Qd1+ 36. Kg2 Qe2 37. Kg1 Qd1+ 38. Kg2 f6 39. Nf7 Qe2 40. Kg1 Qe1+ 41. Kg2 Qe4+ 42. Kg1 Nc3 43. Qh8+ Kg6 44. Qe8 Qb4 45. Kg2 Qb7+ 46. Kg1 Qxf7 47. Qc6 Nd5 48. Qxa6 Qd7 49. Qa8 Kf7 50. h4 Ne7 51. Qb8 Qd1+ 52. Kg2 Qd5+ 53. Kg1 Nc6 54. Qc8 Nd4 55. Qb8 Nf3+ 56. Kf1 Nh2+ 0-1

[Event "SLO-chT 15th"]
[Site "Bled"]
[Date "2005.11.28"]
[Round "4"]
[White "Orel, Oskar"]
[Black "Basagic, Zlatko"]
[Result "1/2-1/2"]
[WhiteElo "2315"]
[BlackElo "2377"]
[PlyCount "30"]
[EventDate "2005.11.26"]
[EventType "team-tourn"]
[EventRounds "9"]
[EventCountry "SLO"]
[SourceTitle "CBM 109 Extra"]
[Source "ChessBase"]
[SourceDate "2006.01.03"]
[SourceVersion "2"]
[SourceVersionDate "2006.01.03"]
[SourceQuality "1"]
[WhiteTeam "Kranj Tomo Zupan"]
[BlackTeam "Ljubljana Vidmar"]
[WhiteTeamCountry "SLO"]
[BlackTeamCountry "SLO"]

1. c4 c6 2. d4 d5 3. e3 Nf6 4. Nc3 g6 5. Nf3 Bg7 6. Be2 0-0 7. 0-0 Bg4 8. Qb3 Qb6 9. Qxb6 axb6 10. cxd5 Nxd5 11. Nxd5 cxd5 12. h3 Bxf3 13. Bxf3 e6 14. Bd2 Nc6 15. a3 Na5 1/2-1/2

[Event "SLO-chT 15th"]
[Site "Bled"]
[Date "2005.11.27"]
[Round "3"]
[White "Orel, Oskar"]
[Black "Farago, Ivan"]
[Result "0-1"]
[WhiteElo "2315"]
[BlackElo "2512"]
[PlyCount "118"]
[EventDate "2005.11.26"]
[EventType "team-tourn"]
[EventRounds "9"]
[EventCountry "SLO"]
[SourceTitle "CBM 109 Extra"]
[Source "ChessBase"]
[SourceDate "2006.01.03"]
[SourceVersion "2"]
[SourceVersionDate "2006.01.03"]
[SourceQuality "1"]
[WhiteTeam "Kranj Tomo Zupan"]
[BlackTeam "Ljubljana Metalka Trgovina"]
[WhiteTeamCountry "SLO"]
[BlackTeamCountry "SLO"]

1. d4 Nf6 2. Nf3 e6 3. g3 b5 4. Bg2 Bb7 5. 0-0 c5 6. c3 Be7 7. Nbd2 0-0 8. Re1 d5 9. Ne5 Nc6 10. Nxc6 Bxc6 11. dxc5 Bxc5 12. Nb3 Bb6 13. Nd4 Bd7 14. h3 e5 15. Nc2 h6 16. Be3 Be6 17. Qd3 Qc7 18. Bxb6 Qxb6 19. Qe3 Qxe3 20. Nxe3 Rad8 21. Red1 g5 22. Rd2 Rd7 23. a4 bxa4 24. Rxa4 Rfd8 25. Rb4 Kg7 26. h4 g4 27. Kf1 h5 28. Ke1 Ng8 29. Rb5 Ne7 30. Nc2 f5 31. e3 Ng8 32. Nb4 Ne7 33. Nd3 Kf6 34. Nc5 Rc7 35. b4 Bf7 36. Rd1 Rd6 37. Ra1 d4 38. cxd4 exd4 39. Rd1 Rb6 40. Rxb6+ axb6 41. exd4 bxc5 42. dxc5 Ke5 43. Rd8 Bd5 44. Bxd5 Nxd5 45. Rb8 Kd4 46. Rd8 Kc4 47. Rh8 Nxb4 48. Rxh5 Rxc5 49. Rh8 Nd3+ 50. Kf1 Re5 51. Rf8 Re1+ 52. Kg2 Ra1 53. f4 Ra2+ 54. Kf1 Kd4 55. Re8 Nc5 56. h5 Ne4 57. h6 Rh2 58. Re6 Ke3 59. Ra6 Nd2+ 0-1

[Event "SLO-chT 15th"]
[Site "Bled"]
[Date "2005.11.27"]
[Round "2"]
[White "Orel, Oskar"]
[Black "Sax, Gyula"]
[Result "1/2-1/2"]
[WhiteElo "2315"]
[BlackElo "2520"]
[PlyCount "66"]
[EventDate "2005.11.26"]
[EventType "team-tourn"]
[EventRounds "9"]
[EventCountry "SLO"]
[SourceTitle "CBM 109 Extra"]
[Source "ChessBase"]
[SourceDate "2006.01.03"]
[SourceVersion "2"]
[SourceVersionDate "2006.01.03"]
[SourceQuality "1"]
[WhiteTeam "Kranj Tomo Zupan"]
[BlackTeam "Maribor LANCom"]
[WhiteTeamCountry "SLO"]
[BlackTeamCountry "SVK"]

1. d4 Nf6 2. Nf3 e6 3. g3 c5 4. c3 Nc6 5. Bg2 d5 6. 0-0 Be7 7. Nbd2 0-0 8. a3 Bd7 9. dxc5 Bxc5 10. c4 a5 11. cxd5 exd5 12. Nb3 Bb6 13. Nbd4 Bg4 14. Be3 Bxf3 15. Bxf3 Ne5 16. Bf4 Nxf3+ 17. Nxf3 Ne4 18. Rc1 Qd7 19. Be5 Rac8 20. Rxc8 Rxc8 21. Bd4 Bxd4 22. Qxd4 Qb5 23. Re1 Rc4 24. Qe5 h6 25. Qe7 Qc5 26. Qxc5 Rxc5 27. Nd4 Kf8 28. Rd1 b6 29. Rd3 Rc1+ 30. Kg2 Nc5 31. Rd2 Ne4 32. Rd3 Nc5 33. Rd2 Ne4 1/2-1/2

[Event "SLO-chT 15th"]
[Site "Bled"]
[Date "2005.11.26"]
[Round "1"]
[White "Orel, Oskar"]
[Black "Sermek, Drazen"]
[Result "0-1"]
[WhiteElo "2315"]
[BlackElo "2526"]
[PlyCount "96"]
[EventDate "2005.11.26"]
[EventType "team-tourn"]
[EventRounds "9"]
[EventCountry "SLO"]
[SourceTitle "CBM 109 Extra"]
[Source "ChessBase"]
[SourceDate "2006.01.03"]
[SourceVersion "2"]
[SourceVersionDate "2006.01.03"]
[SourceQuality "1"]
[WhiteTeam "Kranj Tomo Zupan"]
[BlackTeam "Krsko Triglav"]
[WhiteTeamCountry "SLO"]
[BlackTeamCountry "SLO"]

1. d4 d5 2. c4 dxc4 3. Nf3 c5 4. d5 e6 5. e4 exd5 6. exd5 a6 7. a4 Nf6 8. Nc3 Bd6 9. Bxc4 0-0 10. 0-0 Bg4 11. Bg5 h6 12. Bh4 Re8 13. h3 Bh5 14. g4 Bg6 15. Bd3 Bxd3 16. Qxd3 Nbd7 17. Rfe1 Qb6 18. Bxf6 Nxf6 19. Qc4 Rxe1+ 20. Rxe1 Qxb2 21. Rb1 Qc2 22. Ne1 Qg6 23. Rxb7 h5 24. Qd3 Re8 25. Qb1 hxg4 26. Ng2 Qg5 27. hxg4 Qe5 28. Ne3 Qxc3 29. Qf5 g6 30. Qf3 Rb8 31. Rxb8+ Bxb8 32. g5 Nh7 33. Qg4 Kg7 34. Kf1 Qd3+ 35. Kg2 Be5 36. Qh4 Qd4 37. Qh6+ Kg8 38. Qh3 Qe4+ 39. Kf1 Qd3+ 40. Kg1 Nxg5 41. Qc8+ Kg7 42. Qxc5 Nh3+ 43. Kg2 Nf4+ 44. Kg1 Qb1+ 45. Nf1 Ne2+ 46. Kg2 Qe4+ 47. f3 Nf4+ 48. Kg3 Nd3+ 0-1

[Event "Donau op 13th"]
[Site "Aschach"]
[Date "2004.12.30"]
[Round "6"]
[White "Simic, Milan"]
[Black "Orel, Oskar"]
[Result "0-1"]
[WhiteElo "2184"]
[BlackElo "2280"]
[PlyCount "124"]
[EventDate "2004.12.26"]
[EventType "swiss"]
[EventRounds "7"]
[EventCountry "AUT"]
[SourceTitle "CBM 104 Extra"]
[Source "ChessBase"]
[SourceDate "2005.03.01"]
[SourceVersion "1"]
[SourceVersionDate "2005.03.01"]
[SourceQuality "1"]

1. d4 c5 2. d5 Nf6 3. c4 e5 4. Nc3 d6 5. e4 g6 6. Bg5 a6 7. Bd3 h6 8. Bd2 Nbd7 9. Nge2 Bg7 10. Qc1 Nf8 11. Ng3 h5 12. Nge2 N8d7 13. f3 Ng8 14. Bg5 Bf6 15. Be3 Bg7 16. Qc2 Bh6 17. Bxh6 Nxh6 18. h4 Rb8 19. 0-0-0 Ng8 20. g3 Qa5 21. a4 Ngf6 22. Rdg1 Nb6 23. b3 Na8 24. Nb1 Bd7 25. Qc3 Qxc3+ 26. Nexc3 b6 27. Na3 Nc7 28. Bf1 Ke7 29. Bh3 Rhg8 30. Bxd7 Nxd7 31. g4 hxg4 32. fxg4 Nf6 33. Kd2 Rh8 34. Ke3 Nd7 35. Rg3 Rh7 36. Rgh3 Nf6 37. Kf3 Rf8 38. Nc2 Rb8 39. Na3 Rhh8 40. R3h2 Rbg8 41. Rb1 Nd7 42. Nc2 Rb8 43. h5 b5 44. a5 bxc4 45. bxc4 Rxb1 46. Nxb1 Nf6 47. h6 Nh7 48. Nc3 Rb8 49. Ke3 Ng5 50. Kd3 Rh8 51. Ne3 f6 52. Rb2 Rxh6 53. Rb7 Kd7 54. Nb5 axb5 55. cxb5 Kc8 56. a6 Rh3 57. Rb6 c4+ 58. Ke2 Rh2+ 59. Kd1 Ra2 60. Nxc4 Nxe4 61. Rb7 Nxb5 62. Rxb5 Nc3+ 0-1

[Event "Donau op 13th"]
[Site "Aschach"]
[Date "2004.12.28"]
[Round "4"]
[White "Priborsky, Jan"]
[Black "Orel, Oskar"]
[Result "1-0"]
[WhiteElo "2318"]
[BlackElo "2280"]
[PlyCount "65"]
[EventDate "2004.12.26"]
[EventType "swiss"]
[EventRounds "7"]
[EventCountry "AUT"]
[SourceTitle "CBM 104 Extra"]
[Source "ChessBase"]
[SourceDate "2005.03.01"]
[SourceVersion "1"]
[SourceVersionDate "2005.03.01"]
[SourceQuality "1"]

1. e4 c5 2. Nf3 d6 3. d4 cxd4 4. Nxd4 Nf6 5. Nc3 a6 6. Be3 e6 7. f3 Qc7 8. g4 h6 9. Qd2 Nbd7 10. 0-0-0 b5 11. h4 b4 12. Nce2 d5 13. Bg2 dxe4 14. g5 Nd5 15. fxe4 Nxe3 16. Qxe3 e5 17. g6 fxg6 18. Ne6 Qc4 19. Bh3 Nf6 20. Qb6 Kf7 21. Rd8 Qxe4 22. Rhd1 Qxe2 23. Rxc8 Qxd1+ 24. Kxd1 Rxc8 25. Ng5+ Ke8 26. Qe6+ Be7 27. Qxc8+ Bd8 28. Qe6+ Be7 29. Qf7+ Kd8 30. Ne6+ Kd7 31. Nf8+ Kd8 32. Nxg6 Re8 33. Qc4 1-0

[Event "Donau op 13th"]
[Site "Aschach"]
[Date "2004.12.26"]
[Round "1"]
[White "Orel, Oskar"]
[Black "Hanley, James L"]
[Result "1-0"]
[WhiteElo "2280"]
[BlackElo "2061"]
[PlyCount "59"]
[EventDate "2004.12.26"]
[EventType "swiss"]
[EventRounds "7"]
[EventCountry "AUT"]
[SourceTitle "CBM 104 Extra"]
[Source "ChessBase"]
[SourceDate "2005.03.01"]
[SourceVersion "1"]
[SourceVersionDate "2005.03.01"]
[SourceQuality "1"]

1. e4 c5 2. Nf3 d6 3. c3 Nf6 4. Bd3 Nc6 5. h3 g6 6. 0-0 Bg7 7. Bc2 0-0 8. a3 c4 9. Re1 Be6 10. d4 cxd3 11. Bxd3 Qc7 12. Nbd2 Rfd8 13. Ng5 Bd7 14. Nc4 h6 15. Nf3 Be6 16. Qe2 Ne5 17. Ncxe5 dxe5 18. Qc2 Nd7 19. Be3 Nc5 20. Bxc5 Qxc5 21. b4 Qc7 22. c4 Rac8 23. Rac1 h5 24. c5 Bh6 25. Rcd1 b6 26. Ba6 Rb8 27. Bc4 Bxc4 28. Qxc4 Rdc8 29. c6 Qxc6 30. Rd8+ 1-0

[Event "SLO-chT West"]
[Site "Bled"]
[Date "2004.11.13"]
[Round "8"]
[White "Orel, Oskar"]
[Black "Nikolic, Stanko"]
[Result "1-0"]
[WhiteElo "2280"]
[BlackElo "2025"]
[PlyCount "49"]
[EventDate "2004.11.05"]
[EventType "team-tourn"]
[EventRounds "9"]
[EventCountry "SLO"]
[SourceTitle "EXT 2009"]
[Source "ChessBase"]
[SourceDate "2008.11.26"]
[SourceVersion "1"]
[SourceVersionDate "2008.11.26"]
[SourceQuality "1"]

1. c4 e5 2. Nc3 Nf6 3. g3 Bc5 4. Bg2 d6 5. e3 Nc6 6. Nge2 0-0 7. 0-0 h6 8. h3 a6 9. a3 a5 10. d4 Ba7 11. d5 Ne7 12. b4 Bf5 13. Bb2 Qd7 14. Kh2 h5 15. Qd2 Bb6 16. b5 Bg6 17. e4 Nh7 18. f4 f5 19. Na4 exf4 20. Nxf4 Ba7 21. e5 dxe5 22. Bxe5 Nf6 23. Ne6 Rfc8 24. Bxf6 gxf6 25. Qh6 1-0

[Event "SLO-chT West"]
[Site "Bled"]
[Date "2004.11.12"]
[Round "6"]
[White "Orel, Oskar"]
[Black "Bratko, Ivan"]
[Result "0-1"]
[WhiteElo "2280"]
[BlackElo "2171"]
[PlyCount "122"]
[EventDate "2004.11.05"]
[EventType "team-tourn"]
[EventRounds "9"]
[EventCountry "SLO"]
[SourceTitle "EXT 2009"]
[Source "ChessBase"]
[SourceDate "2008.11.26"]
[SourceVersion "1"]
[SourceVersionDate "2008.11.26"]
[SourceQuality "1"]

1. d4 Nf6 2. c4 g6 3. Nf3 Bg7 4. g3 0-0 5. Bg2 d6 6. Nc3 Nbd7 7. 0-0 e5 8. b3 Re8 9. Bb2 c6 10. e3 e4 11. Nd2 d5 12. b4 Nb6 13. cxd5 Bg4 14. Qb3 cxd5 15. h3 Be6 16. a4 Rc8 17. Rfc1 Qd7 18. Kh2 Bf8 19. Ba3 h5 20. b5 h4 21. Bxf8 Rxf8 22. Ne2 hxg3+ 23. fxg3 Kg7 24. Rxc8 Nxc8 25. Rc1 Rh8 26. Nf4 Bf5 27. b6 axb6 28. Qb5 g5 29. Qxd7 Bxd7 30. Ne2 Ng4+ 31. Kg1 Nxe3 32. g4 Bxa4 33. Rc3 Nxg2 34. Kxg2 Nd6 35. Ng3 Bc6 36. Ndf1 Ra8 37. Ne3 Ra2+ 38. Kg1 Kf6 39. Rc1 b5 40. Nc2 Rb2 41. Rf1+ Ke6 42. Ne3 b4 43. Nh5 b3 44. Ng7+ Ke7 45. Ngf5+ Nxf5 46. Nxf5+ Kd7 47. Ne3 Re2 48. Nd1 b2 49. Nxb2 Rxb2 50. Rxf7+ Kd6 51. Rf6+ Kd7 52. Rf7+ Ke6 53. Rf5 b5 54. Rxg5 b4 55. Rg6+ Kd7 56. Rg7+ Kd6 57. g5 b3 58. g6 e3 59. Rf7 Rb1+ 60. Kh2 e2 61. Rf6+ Ke7 0-1

[Event "Pula op 18th"]
[Site "Pula"]
[Date "2004.06.23"]
[Round "6"]
[White "Orel, Oskar"]
[Black "Sulava, Nenad"]
[Result "0-1"]
[WhiteElo "2344"]
[BlackElo "2478"]
[PlyCount "69"]
[EventDate "2004.06.19"]
[EventType "swiss"]
[EventRounds "9"]
[EventCountry "CRO"]
[SourceTitle "CBM 100 Extra"]
[Source "ChessBase"]
[SourceDate "2004.07.06"]
[SourceVersion "2"]
[SourceVersionDate "2004.07.06"]
[SourceQuality "1"]

1. Nf3 e6 2. g3 b6 3. Bg2 Bb7 4. 0-0 f5 5. c4 Nf6 6. Nc3 Bb4 7. Qc2 0-0 8. b3 Bxc3 9. Qxc3 d6 10. Bb2 Qe8 11. d4 Be4 12. c5 Nc6 13. Rac1 a5 14. cxd6 cxd6 15. d5 Bxd5 16. Qe3 Rb8 17. Ng5 Bxg2 18. Kxg2 e5 19. Qd3 h6 20. Qxd6 hxg5 21. Qxc6 Qh5 22. h3 Rbe8 23. Qb5 f4 24. Rh1 fxg3 25. fxg3 Kh8 26. Rhf1 Rd8 27. Ba3 Rf7 28. Rf2 Rfd7 29. Qc6 Nd5 30. Qe6 Ne3+ 31. Kh2 Rd4 32. Rf3 g4 33. Rxe3 Qxh3+ 34. Kg1 Rd1+ 35. Kf2 0-1

[Event "Kranj op 1st"]
[Site "Kranj"]
[Date "2004.05.10"]
[Round "5"]
[White "Susnik, Matej"]
[Black "Orel, Oskar"]
[Result "0-1"]
[WhiteElo "2152"]
[BlackElo "2344"]
[PlyCount "162"]
[EventDate "2004.05.07"]
[EventType "swiss"]
[EventRounds "9"]
[EventCountry "SLO"]
[SourceTitle "CBM 100 Extra"]
[Source "ChessBase"]
[SourceDate "2004.07.06"]
[SourceVersion "2"]
[SourceVersionDate "2004.07.06"]
[SourceQuality "1"]

1. e4 b6 2. d4 Bb7 3. Bd3 c5 4. c3 Nf6 5. Nd2 cxd4 6. cxd4 Nc6 7. Ne2 g6 8. 0-0 Bg7 9. a3 0-0 10. f4 Rc8 11. d5 Nb8 12. Ng3 Qc7 13. Qe2 e6 14. dxe6 dxe6 15. Nf3 Nfd7 16. Be3 Nc5 17. Rac1 Qe7 18. Bxc5 Rxc5 19. f5 exf5 20. exf5 Qxe2 21. Bxe2 Nd7 22. b4 Rcc8 23. fxg6 hxg6 24. Rcd1 Rfd8 25. Ng5 Ne5 26. N5e4 Bd5 27. Nf6+ Bxf6 28. Rxf6 Bb7 29. Rfd6 Rxd6 30. Rxd6 Kf8 31. Rd4 Ke7 32. Kf2 Rc2 33. a4 Ra2 34. b5 Nd7 35. Ne4 Ne5 36. h3 f5 37. Nc3 Ra3 38. Nb1 Ra2 39. Nc3 Rc2 40. Nd5+ Bxd5 41. Rxd5 Nd7 42. g4 Ke6 43. Rd4 Nc5 44. gxf5+ gxf5 45. h4 Ke5 46. Rc4 Ra2 47. h5 Rxa4 48. Rxa4 Nxa4 49. h6 Kf6 50. h7 Kg7 51. Bd3 Kxh7 52. Bxf5+ Kg7 53. Ke3 Kf6 54. Be4 Ke5 55. Bc6 Nb2 56. Bb7 Na4 57. Bc6 Kd6 58. Kd4 a5 59. Bf3 Nc5 60. Kc4 Ke5 61. Bh5 Ne4 62. Be2 Nd6+ 63. Kb3 Kd5 64. Ka4 Kc5 65. Bd3 Kd5 66. Bf1 Kd4 67. Be2 Kc3 68. Ka3 Ne4 69. Bf1 Kc2 70. Bc4 Nd2 71. Be6 Kc3 72. Bd5 Nb1+ 73. Ka2 Kd4 74. Bc6 Nd2 75. Ka3 Kc3 76. Bd5 Nc4+ 77. Ka4 Ne3 78. Bc6 Kb2 79. Bf3 Nc4 80. Be2 Nd2 81. Bd3 Nb3 0-1

[Event "Donau op 12th"]
[Site "Aschach"]
[Date "2003.12.27"]
[Round "2"]
[White "Orel, Oskar"]
[Black "Knechtel, Roland"]
[Result "1-0"]
[WhiteElo "2367"]
[BlackElo "2214"]
[PlyCount "124"]
[EventDate "2003.12.26"]
[EventType "swiss"]
[EventRounds "7"]
[EventCountry "AUT"]
[SourceTitle "CBM 097 Extra"]
[Source "ChessBase"]
[SourceDate "2004.01.13"]
[SourceVersion "1"]
[SourceVersionDate "2004.01.13"]
[SourceQuality "1"]

1. d4 d5 2. c4 e6 3. Nf3 c6 4. Qc2 Nd7 5. g3 Ngf6 6. Bg2 b6 7. 0-0 Bb7 8. Nc3 Rc8 9. cxd5 cxd5 10. Qb3 Be7 11. Bf4 Nh5 12. Bd2 Nhf6 13. Rac1 0-0 14. Bf4 Nh5 15. Bd2 Nhf6 16. Nb5 a6 17. Rxc8 Qxc8 18. Rc1 Qd8 19. Nc3 Bd6 20. Na4 Ne4 21. Bb4 Qb8 22. Bxd6 Qxd6 23. a3 Rc8 24. Rxc8+ Bxc8 25. Qc2 Bb7 26. Nd2 Nxd2 27. Qxd2 Qc6 28. Nc3 Qc7 29. e3 h6 30. Bf1 Nf6 31. Bd3 Qc6 32. Qc2 Nd7 33. Na2 Qxc2 34. Bxc2 Kf8 35. Bd3 Ke7 36. Kf1 Kd6 37. Ke2 a5 38. Kd2 Bc6 39. Kc3 f6 40. b4 axb4+ 41. Kxb4 Nb8 42. Nc3 Bd7 43. Bb5 Bc8 44. h4 g5 45. f4 Nc6+ 46. Bxc6 Kxc6 47. hxg5 hxg5 48. fxg5 fxg5 49. Nd1 Ba6 50. Nf2 Be2 51. Nh3 g4 52. Nf4 Ba6 53. Nxe6 Kd6 54. Nf4 Bf1 55. Kc3 Kc6 56. Nd3 Kb5 57. Nf4 Bc4 58. e4 dxe4 59. a4+ Kxa4 60. Kxc4 b5+ 61. Kd5 e3 62. Ke4 b4 1-0

[Event "Donau op 12th"]
[Site "Aschach"]
[Date "2003.12.26"]
[Round "1"]
[White "Schwabeneder, Alois"]
[Black "Orel, Oskar"]
[Result "0-1"]
[WhiteElo "2114"]
[BlackElo "2367"]
[PlyCount "50"]
[EventDate "2003.12.26"]
[EventType "swiss"]
[EventRounds "7"]
[EventCountry "AUT"]
[SourceTitle "CBM 097 Extra"]
[Source "ChessBase"]
[SourceDate "2004.01.13"]
[SourceVersion "1"]
[SourceVersionDate "2004.01.13"]
[SourceQuality "1"]

1. Nf3 f5 2. b3 Nf6 3. Bb2 e6 4. c4 c6 5. e3 d5 6. Be2 Bd6 7. Ne5 Nbd7 8. Bh5+ g6 9. Nxd7 Bxd7 10. Be2 e5 11. Qc2 Qe7 12. d3 0-0 13. Nd2 a5 14. a3 d4 15. Bf3 dxe3 16. fxe3 Bc5 17. Nf1 Rad8 18. h4 h5 19. Kd1 e4 20. d4 exf3 21. dxc5 fxg2 22. Qxg2 Ng4 23. Kc2 f4 24. Re1 f3 25. Qg3 Qe4+ 0-1

[Event "SLO-chT2W"]
[Site "Bled"]
[Date "2003.11.15"]
[Round "8"]
[White "Orel, Oskar"]
[Black "Furlan, Miha"]
[Result "1-0"]
[WhiteElo "2367"]
[BlackElo "2321"]
[PlyCount "75"]
[EventDate "2003.11.07"]
[EventType "team-tourn"]
[EventRounds "8"]
[EventCountry "SLO"]
[SourceTitle "EXT 2005"]
[Source "ChessBase"]
[SourceDate "2004.11.15"]
[SourceVersion "1"]
[SourceVersionDate "2004.11.15"]
[SourceQuality "1"]

1. d4 d5 2. c4 c6 3. e3 e6 4. Nc3 Nf6 5. Nf3 Nbd7 6. Qc2 Bd6 7. Be2 0-0 8. 0-0 dxc4 9. Bxc4 b5 10. Bd3 Bb7 11. e4 e5 12. dxe5 Nxe5 13. Nxe5 Bxe5 14. h3 h6 15. Be3 Bd4 16. Rfe1 Bxe3 17. Rxe3 Nd7 18. e5 Qb6 19. Rae1 Rae8 20. Bf5 Nc5 21. b4 Ne6 22. Bxe6 Rxe6 23. Ne2 Re7 24. Ng3 Bc8 25. Nh5 Kh8 26. Rg3 Rg8 27. Qc1 Kh7 28. Qf4 f5 29. e6 Rf8 30. Nxg7 Rxg7 31. Rxg7+ Kxg7 32. Qe5+ Kh7 33. e7 Re8 34. Qf6 Bd7 35. Qf7+ Kh8 36. Qf6+ Kh7 37. Rd1 Qc7 38. Rd6 1-0